000 00323nam a22001337a 4500
008 210310b ||||| |||| 00| 0 eng d
041 _aeng
080 _a82
082 _a82
100 _a21
101 _aGJL
245 _aPMLA Publication of the Modern Language Association of America
_cDimock, W. CH
942 _2udc
_cBK
999 _c56114
_d56114